Library Banner

فیضان نبوتﷺ (Record no. 79511)

MARC details
000 -LEADER
fixed length control field 00394nam a22001457a 4500
005 - DATE AND TIME OF LATEST TRANSACTION
control field 20151204095625.0
008 - FIXED-LENGTH DATA ELEMENTS--GENERAL INFORMATION
fixed length control field 151204b xxu||||| |||| 00| 0 eng d
040 ## - CATALOGING SOURCE
Transcribing agency PK-LaUMT
082 ## - DEWEY DECIMAL CLASSIFICATION NUMBER
Classification number MSC 297.63
Item number SHA-F
100 ## - MAIN ENTRY--PERSONAL NAME
Personal name شاہد رشید
245 ## - TITLE STATEMENT
Title فیضان نبوتﷺ
Statement of responsibility, etc شاہد رشید
260 ## - PUBLICATION, DISTRIBUTION, ETC. (IMPRINT)
Place of publication, distribution, etc لاہور
Name of publisher, distributor, etc فرزندان پاکستان
Date of publication, distribution, etc 2010
300 ## - PHYSICAL DESCRIPTION
Extent 304 ص
942 ## - ADDED ENTRY ELEMENTS (KOHA)
Koha item type Books
Holdings
Withdrawn status Lost status Damaged status Home library Current library Date acquired Full call number Barcode Date last seen Price effective from Koha item type
      UMT Main Campus UMT Main Campus 2015-12-04 MSC 297.63 SHA-F 95139 2015-12-04 2015-12-04 Books